Chapters on mental physiology.

Bibliographic Details
Main Author: Holland, Henry, Sir, 1788-1873
Format: eBook
Language:English
Published: London : Longman, Brown, Green, and Longmans, 1852.
Subjects:
Online Access:Connect to the full text of this electronic book

MARC

Tag First Indicator Second Indicator Subfields
LEADER 00000cam a2200000I 4500
001 in00003523941
005 20190407115751.0
006 m o d
007 cr |||||||||||
008 100819s1852 enk om 000 0 engdd
019 |a 656775742  |a 671598029 
035 |a (OCoLC)ocn656838333 
035 |a (OCoLC)656838333  |z (OCoLC)656775742  |z (OCoLC)671598029 
040 |a VLB  |b eng  |c VLB  |d OCLCE  |d UBY  |d OCLCQ  |d OCLCF  |d UtOrBLW 
042 |a dlr 
049 |a TXAM 
050 4 |a R117  |b .H731x 185 
060 4 |a WL  |b H735c 1852 
060 4 |a Film 77-23 no. 3 
082 0 4 |a 131 
100 1 |a Holland, Henry,  |c Sir,  |d 1788-1873. 
245 1 0 |a Chapters on mental physiology. 
264 1 |a London :  |b Longman, Brown, Green, and Longmans,  |c 1852. 
300 |a 1 online resource (xii, 301 pages) 
336 |a text  |b txt  |2 rdacontent 
337 |a computer  |b c  |2 rdamedia 
338 |a online resource  |b cr  |2 rdacarrier 
500 |a Founded chiefly on chapters contained in his Medical notes and reflections. 
500 |a Microfilmed for preservation.  |5 DNLM 
520 3 |a "Some explanation is necessary of the title and plan of this volume, that the reader may rightly apprehend not only the objects proposed, but also the method adopted to fulfil them. The title will be understood as expressing that particular part of Human Physiology, which comprises the reciprocal actions and relations of mental and bodily phenomena, as they make up the totality of life. I need not dwell on the great interest of this subject. It is attested, as every part of this volume will show, not solely by the natural and healthy conditions of existence, but even more remarkably by those of disorder and disease. Scarcely can we name a morbid affection of body in which some feeling or function of mind is not concurrently engaged--directly or indirectly--as cause or as effect. No physician can rightly fulfil his duties without an adequate knowledge of, and constant regard to, these important relations"--Preface. (PsycINFO Database Record (c) 2009 APA, all rights reserved). 
588 |a Description based on print version record. 
538 |a Master and use copy. Digital master created according to Benchmark for Faithful Digital Reproductions of Monographs and Serials, Version 1. Digital Library Federation, December 2002.  |u http://purl.oclc.org/DLF/benchrepro0212  |5 MiAaHDL 
583 1 |a digitized  |c 2010  |h HathiTrust Digital Library  |l committed to preserve  |2 pda  |5 MiAaHDL 
500 |a Electronic resource. 
650 0 |a Medicine. 
650 0 |a Mental health. 
650 0 |a Mental illness. 
650 7 |a Medicine.  |2 fast  |0 (OCoLC)fst01014893 
650 7 |a Mental health.  |2 fast  |0 (OCoLC)fst01016339 
650 7 |a Mental illness.  |2 fast  |0 (OCoLC)fst01016547 
655 7 |a Electronic books.  |2 local 
730 0 |a PsycBOOKs. 
776 1 8 |i Print version:  |a Holland, Henry.  |t Chapters on mental physiology.  |d London : Longman, Brown, Green, and Longmans, 1852  |w (OCoLC)1080692 
856 4 0 |u http://proxy.library.tamu.edu/login?url=http://search.ebscohost.com/direct.asp?db=pzh&jid=200900522&scope=site  |z Connect to the full text of this electronic book  |t 0 
994 |a 92  |b TXA 
999 |a MARS 
999 f f |s d5d939b4-7b37-3f79-9f56-daf50ed54f8b  |i af50b847-060b-3a51-8200-af05ad2fda43  |t 0 
952 f f |a Texas A&M University  |b College Station  |c Electronic Resources  |d Available Online  |t 0  |e R117 .H731x 185  |h Library of Congress classification 
998 f f |a R117 .H731x 185  |t 0  |l Available Online